| 000 | 00494nam a22001697a 4500 | ||
|---|---|---|---|
| 003 | DO-SdBNP | ||
| 005 | 20180220083939.0 | ||
| 008 | 180220b xxu||||| |||| 00| 0 spa d | ||
| 020 | _a834007715 | ||
| 040 |
_aBPMSU _bspa _cBPMSU |
||
| 245 |
_aEl chivo que tiene los ojos de vidrios y los cuernos de oro _cIlusgraciones por Koji Suzuki |
||
| 260 |
_a[ s. l.] _b[ s. n] _c[ s. f] |
||
| 300 |
_a15 p. _bil. _c23 cm |
||
| 942 |
_2ddc _cBK |
||
| 945 | _ainventariado, 2018 / dg | ||
| 956 |
_adgarcia _b10 |
||
| 999 |
_c13312 _d13312 |
||